La educacion de los ninos en los paises pobres /

En un mundo ideal, la educacion primaria deberia ser universal y financiada por el Estado, y todos los ninos deberian poder asistir a la escuela independientemente de la capacidad o buena voluntad de los padres para pagar por ello. No obstante, en muchos paises pobres, los gobiernos carecen de los r...

詳細記述

書誌詳細
第一著者: Jenkner, Eva
その他の著者: Hillman, Arye
フォーマット: 雑誌
言語:English
出版事項: Washington, D.C. : International Monetary Fund, 2004.
シリーズ:Economic Issues; Economic Issues ; No. 2005/003
主題:
オンライン・アクセス:Full text available on IMF
LEADER 02041cas a2200337 a 4500
001 AALejournalIMF012913
008 230101c9999 xx r poo 0 0eng d
020 |c 5.00 USD 
020 |z 9781589063433 
022 |a 1020-8372 
040 |a BD-DhAAL  |c BD-DhAAL 
100 1 |a Jenkner, Eva. 
240 1 0 |a La educacion de los ninos en los paises pobres.  |l Spanish 
245 1 0 |a La educacion de los ninos en los paises pobres /  |c Eva Jenkner, Arye Hillman. 
264 1 |a Washington, D.C. :  |b International Monetary Fund,  |c 2004. 
300 |a 1 online resource (20 pages) 
490 1 |a Economic Issues 
500 |a <strong>Off-Campus Access:</strong> No User ID or Password Required 
500 |a <strong>On-Campus Access:</strong> No User ID or Password Required 
506 |a Electronic access restricted to authorized BRAC University faculty, staff and students 
520 3 |a En un mundo ideal, la educacion primaria deberia ser universal y financiada por el Estado, y todos los ninos deberian poder asistir a la escuela independientemente de la capacidad o buena voluntad de los padres para pagar por ello. No obstante, en muchos paises pobres, los gobiernos carecen de los recursos financieros o de la voluntad politica para proporcionar una educacion basica a todos los ninos, a pesar de los beneficios que comportaria no solo para las personas sino para toda la sociedad. En algunos de estos paises, los padres cubren una parte o la totalidad del costo de la educacion de sus hijos. En este trabajo se examinan las ventajas y desventajas del pago por parte de los usuarios. 
538 |a Mode of access: Internet 
650 7 |a EI  |2 imf 
650 7 |a School Attendance  |2 imf 
650 7 |a School Enrollment  |2 imf 
650 7 |a School  |2 imf 
650 7 |a User Payment  |2 imf 
651 7 |a Chad  |2 imf 
700 1 |a Hillman, Arye. 
830 0 |a Economic Issues; Economic Issues ;  |v No. 2005/003 
856 4 0 |z Full text available on IMF  |u http://elibrary.imf.org/view/books/051/01993-9781589063433-es/01993-9781589063433-es-book.xml  |z IMF e-Library